[Event "Guillermo Garcia Memorial-D"]
[Site "Santa Clara"]
[Date "2024.05.18"]
[Round "6"]
[White "Garcia Terry, Legna"]
[Black "Rodriguez Perez, Jose R"]
[Result "1-0"]
[WhiteElo "1962"]
[BlackElo "1584"]
[PlyCount "83"]
[EventDate "2024.05.14"]
[EventType "swiss"]
[EventRounds "9"]
[EventCountry "CUB"]
[SourceTitle "CBM 220 Extra"]
[Source "ChessBase"]
[SourceDate "2024.07.31"]
[SourceVersion "1"]
[SourceVersionDate "2024.07.31"]
[SourceQuality "1"]

1. b3 e5 2. Bb2 Nc6 3. e3 d5 4. Bb5 Bd6 5. Nf3 Bg4 6. h3 Bxf3 7. Qxf3 Nge7 8. 0-0 Qd7 9. c4 dxc4 10. bxc4 0-0 11. d4 exd4 12. exd4 Qf5 13. Nd2 Qxf3 14. Nxf3 Rab8 15. Ba4 f6 16. Rfe1 Bb4 17. Re2 Ng6 18. g3 Rfe8 19. Rxe8+ Rxe8 20. d5 Re2 21. dxc6 b5 22. cxb5 Rxb2 23. Bb3+ Kf8 24. Nd4 Ke7 25. Rd1 Bd2 26. Nc2 Ne5 27. Kf1 Ba5 28. f4 Nc4 29. Rd7+ Kf8 30. Bxc4 Rxc2 31. Bb3 Rc3 32. Rf7+ Ke8 33. Rxg7 Kf8 34. Rg8+ Ke7 35. Kg2 Kd6 36. Rf8 Kc5 37. Rxf6 Kxb5 38. Re6 Rd3 39. f5 Rd6 40. Rxd6 cxd6 41. f6 Bd8 42. f7 1-0

[Event "Guillermo Garcia Memorial-D"]
[Site "Santa Clara"]
[Date "2024.05.16"]
[Round "3"]
[White "Silva Martinez Del Canizo, Sebastian"]
[Black "Rodriguez Perez, Jose R"]
[Result "0-1"]
[WhiteElo "1942"]
[BlackElo "1584"]
[PlyCount "80"]
[EventDate "2024.05.14"]
[EventType "swiss"]
[EventRounds "9"]
[EventCountry "CUB"]
[SourceTitle "CBM 220 Extra"]
[Source "ChessBase"]
[SourceDate "2024.07.31"]
[SourceVersion "1"]
[SourceVersionDate "2024.07.31"]
[SourceQuality "1"]

1. e4 e5 2. Nf3 Nc6 3. Bb5 a6 4. Ba4 Nf6 5. d3 b5 6. Bb3 Be7 7. a4 Bb7 8. 0-0 0-0 9. Nc3 b4 10. Nd5 d6 11. Nxe7+ Nxe7 12. Bg5 Ng6 13. Nh4 Kh8 14. Qd2 h6 15. Nxg6+ fxg6 16. Bxf6 Qxf6 17. Qxb4 Rab8 18. Qd2 c6 19. Rae1 d5 20. f3 g5 21. Qf2 d4 22. g3 Bc8 23. Kg2 h5 24. Qe2 Qh6 25. Qd2 h4 26. Qf2 h3+ 27. Kh1 Rf6 28. f4 gxf4 29. gxf4 Rxf4 30. Qg3 Bd7 31. Rxf4 exf4 32. Qf2 c5 33. Rf1 g5 34. Qd2 Qh5 35. Bd5 Rxb2 36. e5 Rb6 37. Qa5 Qe2 38. Kg1 Qe3+ 39. Kh1 Qf2 40. Rg1 Bg4 0-1

[Event "Guillermo Garcia Memorial-D"]
[Site "Santa Clara"]
[Date "2024.05.15"]
[Round "2"]
[White "Rodriguez Perez, Jose R"]
[Black "Gonzalez Garay, Carlos"]
[Result "1/2-1/2"]
[WhiteElo "1584"]
[BlackElo "1885"]
[PlyCount "115"]
[EventDate "2024.05.14"]
[EventType "swiss"]
[EventRounds "9"]
[EventCountry "CUB"]
[SourceTitle "CBM 220 Extra"]
[Source "ChessBase"]
[SourceDate "2024.07.31"]
[SourceVersion "1"]
[SourceVersionDate "2024.07.31"]
[SourceQuality "1"]

1. c4 Nf6 2. Nc3 g6 3. Nf3 Bg7 4. g3 0-0 5. Bg2 c6 6. d4 d6 7. 0-0 Qc7 8. e4 Nbd7 9. Bd2 Nb6 10. b3 Bg4 11. Qc1 Bxf3 12. Bxf3 e5 13. dxe5 dxe5 14. Rd1 Rad8 15. Qc2 Rd7 16. Be3 Rfd8 17. Rxd7 Nbxd7 18. Rd1 Bf8 19. Na4 b6 20. Rd3 Be7 21. Qd1 Nf8 22. Rxd8 Bxd8 23. c5 b5 24. Nb2 Be7 25. b4 Ne6 26. h3 a5 27. a3 axb4 28. axb4 Qd8 29. Qxd8+ Bxd8 30. Nd3 Bc7 31. Bg2 Nd7 32. f4 f6 33. f5 Nd8 34. g4 g5 35. h4 h6 36. h5 Kf8 37. Kf2 Ke7 38. Kf3 Bb8 39. Bh1 Ba7 40. Ke2 Nb7 41. Kd2 Kd8 42. Bf3 Kc7 43. Kc3 Nb8 44. Bxg5 fxg5 45. Nxe5 Bxc5 46. bxc5 Nxc5 47. Bg2 Nbd7 48. Nf7 Nf6 49. Nxh6 Ncd7 50. Nf7 Nxg4 51. h6 Nf8 52. e5 Kd7 53. e6+ Ke7 54. Nxg5 Nxh6 55. Nf3 Ng8 56. Nd4 Kd6 57. Be4 b4+ 58. Kc4 1/2-1/2